| 000 | 00471nam a22001817a 4500 | ||
|---|---|---|---|
| 003 | OSt | ||
| 005 | 20161104105135.0 | ||
| 008 | 161104b xxu||||| |||| 00| 0 eng d | ||
| 020 | _a978-968-5893-72-5 | ||
| 040 | _cCRI | ||
| 082 | _a747.797 | ||
| 110 | 1 |
_940379 _alanducci |
|
| 245 |
_aCocinas Contemporaneas _clanducci |
||
| 260 |
_aMéxico _blanducci _c2008 |
||
| 300 |
_a188 p. _bil. _c30 cm. _epasta dura. |
||
| 650 | 0 |
_98953 _aCocinas |
|
| 942 |
_2ddc _cBK _hprozim |
||
| 999 |
_c26451 _d26451 |
||